| 000 | 00715nam a22002297a 4500 | ||
|---|---|---|---|
| 999 |
_c18551 _d18551 |
||
| 003 | AR-CdUCM | ||
| 008 | 190514b ||||| |||| 00| 0 spa d | ||
| 040 |
_aMUNICIPALIDAD PROVINCIAL DEL CUSCO _cBIBLIOTECA MUNICIPAL DEL CUSCO |
||
| 082 |
_a372.11 / _bC28 /1941 |
||
| 100 |
_aCaravedo, Baltazar _94803 |
||
| 245 | _aArchivos peruanos de higiene mental / | ||
| 260 |
_aLima : _c1941. |
||
| 300 |
_a227 paginas _c25 cm. |
||
| 505 | _aContenido: Trabajos originales -- Reuniones y congresos | ||
| 650 |
_aReuniones _939200 |
||
| 650 |
_aCongresos _92448 |
||
| 650 |
_aHigiene _925829 |
||
| 700 |
_aValega, Juan _939201 |
||
| 700 |
_aEncinas, Enrique _939202 |
||
| 942 |
_2ddc _cLIBROS |
||
| 945 |
_apjha _d2019-05-14 |
||